000 00630nam a2200217Ia 4500
005 20250923145610.0
008 008 250917s9999 xx 000 0 eng d
037 _aTextual
040 _aDSWL
_beng
_cDSWL
041 _aeng
_2eng
084 _aY1500I31.2, N83
_qDSWL
100 _aMehra, R.
_9837001
245 0 _aWomen and rural transformations : Two studies
_c by R. Mehra
260 _aNew Delhi
_bDelhi Concept
_c1983
300 _axii,176 p.
365 _aINR
_b63.00
700 _a K. Saradamoni
_9837002
925 _g63.00
942 _cTEXL
_hY1500I31.2, N83
999 _c1453305
_d1453305